Statistics for European Countries (20 Seconds)

Click here to take the quiz!

General Stats

  • This quiz has been taken 42 times
  • The average score is 10 of 44

Answer Stats

HintAnswer% Correct
GGermany
67%
UUnited Kingdom
63%
FFrance
54%
SSpain
46%
IItaly
42%
MMonaco
42%
FFinland
38%
IIreland
38%
NNorway
38%
RRussia
38%
SSweden
33%
BBelgium
29%
PPortugal
29%
DDenmark
25%
GGreece
25%
IIceland
25%
MMalta
25%
PPoland
25%
UUkraine
25%
AAlbania
21%
AAustria
21%
EEstonia
17%
SSan Marino
17%
VVatican City
17%
AAndorra
13%
BBosnia & Herzegovina
13%
CCzech Republic
13%
LLatvia
13%
NNetherlands
13%
SSerbia
13%
SSlovenia
13%
BBelarus
8%
HHungary
8%
LLithuania
8%
LLuxembourg
8%
MMoldova
8%
RRomania
8%
SSlovakia
8%
SSwitzerland
8%
BBulgaria
4%
CCroatia
4%
MMontenegro
4%
NNorth Macedonia
4%
LLiechtenstein
0%

Score Distribution

Percentile by Number Answered

Percent of People with Each Score

Your Score History

You have not taken this quiz